=LDR 00000nam 2200000 4500 =001 INLIS000000000039671 =005 20130612145302 =008 ***********************************ind** =035 ##$$0010-061300000039671 =041 ##$$a ind =082 ##$$a 650.1 =090 ##$$a 650.1, San m.1 =100 ##$$a SANJAYA, Ridwan =245 ##$$a Membangun kinerja bisnis online, Ridwan sanjaya,Wisnu sanjaya =260 ##$$a 2009 $b Jakarta =300 ##$$a 415 Hlm, Ilus, 21 cm =650 ##$$a BISNIS =700 ##$$a SANJAYA, Wisnu =850 ##$$a NBPNMAT